The legacy of susruta / (Record no. 4921)

MARC details
000 -LEADER
fixed length control field 00547 a2200181 4500
010 ## - LCCN (DPL NO)
LC control number ENG-86663
020 ## - INTERNATIONAL STANDARD BOOK NUMBER
Terms of availability 875.00
International Standard Book Number 8125031502
035 ## - SYSTEM CONTROL NUMBER
System control number EN-70196
037 ## - SOURCE OF ACQUISITION
Source of stock number/acquisition DBAD / PUB
082 14 - DEWEY DECIMAL CLASSIFICATION NUMBER
Classification number 617
100 1# - MAIN ENTRY--PERSONAL NAME
Personal name Valiathan, M. S.
245 1# - TITLE STATEMENT
Title The legacy of susruta /
Statement of responsibility, etc by M.S.Valiathan
260 ## - PUBLICATION, DISTRIBUTION, ETC. (IMPRINT)
Place of publication, distribution, etc Chennai
Name of publisher, distributor, etc Orient Longman
Date of publication, distribution, etc 2007
270 ## - ADDRESS
Address 160 Anna Salai
City Chennai
Postal code 600 002
Electronic mail address chegeneral@orientlongman.com
300 ## - PHYSICAL DESCRIPTION
Extent xxxix, 830 p
Dimensions 21 cm (Hb)
500 ## - GENERAL NOTE
General note Includes glossary and index
942 ## - ADDED ENTRY ELEMENTS (KOHA)
Institution code [OBSOLETE] dpl
Item type English Books
Source of classification or shelving scheme Dewey Decimal Classification
Classification part 617
Call number suffix VAL
Holdings
Withdrawn status Lost status Not for loan Collection code Home library Current library Source of acquisition Cost, normal purchase price Full call number Barcode Copy number Cost, replacement price Koha item type
    Not For Loan Non-fiction D.B.Act.Division D.B.Act.Division DBAD/PUB 875.00 617 VAL EN-70196 1 875.00 English Books

© Delhi Public Library
Hit Counter
free hit counter